[Event "Bamberg op-A 5th"]
[Site "Bamberg"]
[Date "2023.07.28"]
[Round "4"]
[White "Zwahr, Paul"]
[Black "Zimm, Justus"]
[Result "0-1"]
[WhiteElo "2280"]
[BlackElo "2065"]
[PlyCount "80"]
[EventDate "2023.07.26"]
[EventType "swiss"]
[EventRounds "7"]
[EventCountry "GER"]
[SourceTitle "CBM 215 Extra"]
[Source "ChessBase"]
[SourceDate "2023.09.30"]
[SourceVersion "1"]
[SourceVersionDate "2023.09.30"]
[SourceQuality "1"]

1. e4 c5 2. Nf3 e6 3. d4 cxd4 4. Nxd4 a6 5. c4 Nf6 6. Nc3 Qc7 7. a3 b6 8. Bd3 Bb7 9. Qe2 d6 10. 0-0 Nc6 11. Nxc6 Bxc6 12. Bd2 Be7 13. Rac1 Qb7 14. f4 Rd8 15. Rce1 h5 16. b4 Qd7 17. Be3 Qb7 18. Bd4 Kf8 19. Rf3 Qc7 20. Rg3 e5 21. Be3 Ng4 22. Rxg4 hxg4 23. Qxg4 exf4 24. Bd4 Bf6 25. Bxf6 gxf6 26. Qxf4 Qe7 27. h3 Qe5 28. Ne2 Re8 29. Rf1 Ke7 30. Qe3 Reg8 31. Nd4 Bd7 32. Rf3 Qg5 33. Nf5+ Bxf5 34. exf5+ Qxe3+ 35. Rxe3+ Kd7 36. Be4 Re8 37. Kf2 Re5 38. g4 Rhe8 39. Kf3 b5 40. Re2 bxc4 0-1

[Event "Oberliga Ost-A 2122"]
[Site "Germany"]
[Date "2022.07.10"]
[Round "7.1"]
[White "Zwahr, Paul"]
[Black "Mastrovasilis, Dimitrios"]
[Result "0-1"]
[WhiteElo "2290"]
[BlackElo "2599"]
[PlyCount "94"]
[EventDate "2021.10.10"]
[EventType "team-tourn"]
[EventRounds "11"]
[EventCountry "GER"]
[SourceTitle "EXT 2023"]
[Source "ChessBase"]
[SourceDate "2022.10.05"]
[SourceVersion "1"]
[SourceVersionDate "2022.10.05"]
[SourceQuality "1"]
[WhiteTeam "Dresden Gruen Weiss"]
[BlackTeam "Plauen Koenig"]
[WhiteTeamCountry "GER"]
[BlackTeamCountry "GER"]

1. e4 c5 2. Nf3 Nc6 3. d4 cxd4 4. Nxd4 e5 5. Nb5 d6 6. N1c3 a6 7. Na3 Be7 8. Be3 Nf6 9. Nc4 b5 10. Nb6 Rb8 11. Nxc8 Qxc8 12. Be2 0-0 13. 0-0 b4 14. Nd5 Nxe4 15. Bf3 Nf6 16. Nxe7+ Nxe7 17. Qxd6 Nf5 18. Qxe5 Re8 19. Qf4 Nxe3 20. fxe3 Qxc2 21. Rf2 Qc5 22. Qd4 Qe7 23. Re2 Rbd8 24. Qc4 a5 25. a3 bxa3 26. Rxa3 Nd7 27. Ra1 Ne5 28. Qc3 Rd3 29. Qe1 Nxf3+ 30. gxf3 Qf6 31. Qf2 Re5 32. Rae1 Rg5+ 33. Kh1 Rf5 34. Rf1 h6 35. Kg2 Rg5+ 36. Kh1 Rf5 37. Kg2 Rb3 38. Rc1 a4 39. Rc4 Rfb5 40. Rd4 Qb6 41. Rxa4 Rxb2 42. Rd4 Qg6+ 43. Rg4 Qb1 44. Rd4 Qc1 45. Kh3 Rh5+ 46. Rh4 Rxh4+ 47. Qxh4 Qc8+ 0-1

[Event "Innsbruck op 5th"]
[Site "Innsbruck"]
[Date "2021.08.25"]
[Round "6"]
[White "Pilshofer, Paul"]
[Black "Zwahr, Paul"]
[Result "1/2-1/2"]
[WhiteElo "2098"]
[BlackElo "2278"]
[PlyCount "75"]
[EventDate "2021.08.21"]
[EventType "swiss"]
[EventRounds "9"]
[EventCountry "AUT"]
[SourceTitle "CBM 204 Extra"]
[Source "ChessBase"]
[SourceDate "2021.11.30"]
[SourceVersion "1"]
[SourceVersionDate "2021.11.30"]
[SourceQuality "1"]

1. d4 Nf6 2. Nf3 g6 3. g3 Bg7 4. Bg2 d6 5. 0-0 0-0 6. b3 c5 7. Bb2 cxd4 8. Nxd4 d5 9. c4 dxc4 10. bxc4 Qb6 11. Qb3 Nfd7 12. e3 e5 13. Nb5 Nc5 14. Qa3 Be6 15. Nd2 Nbd7 16. Nc3 Rfc8 17. Rab1 Bf8 18. Nd5 Qd8 19. Rbd1 Rc6 20. Ba1 Ra6 21. Qb2 Rc8 22. Nb3 Bg7 23. Qe2 Qf8 24. Bc3 Ra4 25. Rc1 h5 26. h3 Kh7 27. Kh2 Qd6 28. Rfd1 Qa6 29. Bb2 Rxa2 30. Nxc5 Nxc5 31. Nb4 Qa4 32. Nxa2 Qxa2 33. Ra1 Qb3 34. Bd5 a6 35. Rab1 Qa2 36. Ra1 Qb3 37. Rab1 Qa2 38. Ra1 1/2-1/2

[Event "Innsbruck op 5th"]
[Site "Innsbruck"]
[Date "2021.08.23"]
[Round "4"]
[White "Schwabeneder, Florian"]
[Black "Zwahr, Paul"]
[Result "1/2-1/2"]
[WhiteElo "2440"]
[BlackElo "2278"]
[PlyCount "90"]
[EventDate "2021.08.21"]
[EventType "swiss"]
[EventRounds "9"]
[EventCountry "AUT"]
[SourceTitle "CBM 204 Extra"]
[Source "ChessBase"]
[SourceDate "2021.11.30"]
[SourceVersion "1"]
[SourceVersionDate "2021.11.30"]
[SourceQuality "1"]

1. c4 Nf6 2. Nc3 g6 3. g3 Bg7 4. Bg2 0-0 5. d3 d6 6. Rb1 a5 7. e4 e5 8. Nge2 Nc6 9. 0-0 Nh5 10. Be3 f5 11. exf5 Bxf5 12. h3 Be6 13. Ne4 Kh8 14. b3 Nf6 15. Nxf6 Qxf6 16. Qd2 Rae8 17. Kh2 Qd8 18. Rbe1 d5 19. cxd5 Bxd5 20. Bxd5 Qxd5 21. Nc3 Qd8 22. Ne4 b6 23. a3 Nd4 24. Bxd4 Qxd4 25. Qc2 Re7 26. Kg2 Bh6 27. h4 Ref7 28. Rd1 Qd7 29. Qe2 Qd5 30. b4 axb4 31. axb4 Qd4 32. b5 Qd5 33. h5 Rg8 34. hxg6 Rxg6 35. Rb1 Bf8 36. Kg1 Rh6 37. Kg2 Bc5 38. f3 Bd4 39. Qc2 Qd7 40. Rh1 Rxh1 41. Rxh1 Qxb5 42. Qc4 Qxc4 43. dxc4 c6 44. Rh6 Rc7 45. Rd6 Be3 1/2-1/2

[Event "Basel Special op"]
[Site "Basel"]
[Date "2021.07.19"]
[Round "5"]
[White "Jedinger, Andreas"]
[Black "Zwahr, Paul"]
[Result "1/2-1/2"]
[WhiteElo "2117"]
[BlackElo "2263"]
[PlyCount "45"]
[EventDate "2021.07.17"]
[EventType "swiss"]
[EventRounds "6"]
[EventCountry "SUI"]
[SourceTitle "CBM 203 Extra"]
[Source "ChessBase"]
[SourceDate "2021.09.30"]
[SourceVersion "1"]
[SourceVersionDate "2021.09.30"]
[SourceQuality "1"]

1. e4 e5 2. Nf3 Nc6 3. Bb5 Nf6 4. 0-0 Nxe4 5. d4 Nd6 6. Bxc6 dxc6 7. dxe5 Nf5 8. Qxd8+ Kxd8 9. h3 h5 10. Nc3 Be7 11. Rd1+ Ke8 12. Ne2 Nh4 13. Nxh4 Bxh4 14. Nd4 Be7 15. Be3 a6 16. Rd2 c5 17. Ne2 Bf5 18. Rad1 Rd8 19. Rxd8+ Bxd8 20. Rd2 Be7 21. Nc3 Be6 22. Nd5 Bxd5 23. Rxd5 1/2-1/2

[Event "Basel Special op"]
[Site "Basel"]
[Date "2021.07.18"]
[Round "2"]
[White "Zwahr, Paul"]
[Black "Ruchat, Blaise"]
[Result "1-0"]
[WhiteElo "2263"]
[BlackElo "1870"]
[PlyCount "59"]
[EventDate "2021.07.17"]
[EventType "swiss"]
[EventRounds "6"]
[EventCountry "SUI"]
[SourceTitle "CBM 203 Extra"]
[Source "ChessBase"]
[SourceDate "2021.09.30"]
[SourceVersion "1"]
[SourceVersionDate "2021.09.30"]
[SourceQuality "1"]

1. e4 c5 2. Nf3 d6 3. d4 cxd4 4. Nxd4 Nf6 5. Nc3 a6 6. Be3 e5 7. Nb3 Be6 8. f3 Be7 9. Qd2 Nbd7 10. g4 b5 11. g5 b4 12. Ne2 Nh5 13. 0-0-0 a5 14. Kb1 a4 15. Nbc1 b3 16. cxb3 axb3 17. a3 d5 18. exd5 Bf5+ 19. Nd3 Nb6 20. Bxb6 Qxb6 21. Nc3 Nf4 22. Ne4 Ra4 23. d6 Bd8 24. d7+ Bxd7 25. Nxe5 Bf5 26. Bb5+ Kf8 27. Qxd8+ Qxd8 28. Rxd8+ Ke7 29. Nc6+ Ke6 30. Rd6# 1-0

[Event "Basel Special op"]
[Site "Basel"]
[Date "2021.07.17"]
[Round "1"]
[White "Liedtke Siems, Jens"]
[Black "Zwahr, Paul"]
[Result "0-1"]
[WhiteElo "1678"]
[BlackElo "2263"]
[PlyCount "50"]
[EventDate "2021.07.17"]
[EventType "swiss"]
[EventRounds "6"]
[EventCountry "SUI"]
[SourceTitle "CBM 203 Extra"]
[Source "ChessBase"]
[SourceDate "2021.09.30"]
[SourceVersion "1"]
[SourceVersionDate "2021.09.30"]
[SourceQuality "1"]

1. d4 Nf6 2. Bf4 g6 3. Nf3 Bg7 4. e3 d6 5. Bd3 0-0 6. 0-0 Nbd7 7. Nbd2 Qe8 8. Bg5 e5 9. dxe5 dxe5 10. Bxf6 Nxf6 11. e4 Nh5 12. Ne1 f5 13. exf5 gxf5 14. c3 e4 15. Be2 Nf4 16. g3 Nh3+ 17. Kg2 f4 18. f3 fxg3 19. hxg3 Ng5 20. Rh1 Bf5 21. f4 e3 22. Ndf3 Ne4 23. Ng5 Nxg5 24. fxg5 Rd8 25. Qb3+ Be6 0-1

[Event "GER-ch Net blitz sf"]
[Site "Playchess.com INT"]
[Date "2021.06.05"]
[Round "1"]
[White "Loew, Gerald"]
[Black "Zwahr, Paul"]
[Result "0-1"]
[WhiteElo "2084"]
[BlackElo "2361"]
[PlyCount "118"]
[EventDate "2021.06.05"]
[EventType "swiss (blitz)"]
[EventRounds "13"]
[EventCountry "GER"]
[SourceTitle "EXT 2023"]
[Source "ChessBase"]
[SourceDate "2022.10.05"]
[SourceVersion "1"]
[SourceVersionDate "2022.10.05"]
[SourceQuality "1"]

1. c4 Nf6 2. Nc3 g6 3. g3 Bg7 4. Bg2 0-0 5. e4 d6 6. Nge2 c5 7. 0-0 Nc6 8. d3 Ne8 9. Be3 Nc7 10. d4 cxd4 11. Nxd4 Ne6 12. Nde2 Ne5 13. b3 Ng4 14. Bd2 h5 15. h3 Ne5 16. Be3 Nc5 17. f4 Nc6 18. Rc1 Bd7 19. Kh2 Rc8 20. Nd5 e6 21. Ndc3 Qe7 22. Qd2 Rfd8 23. Rfd1 Be8 24. Qe1 Nb4 25. Qg1 a5 26. Rd2 b6 27. Rcd1 Rd7 28. Qf2 Rcd8 29. Nd4 e5 30. Ndb5 h4 31. g4 exf4 32. Bxf4 Be5 33. Kh1 Bxf4 34. Qxf4 Qe5 35. Qh6 Qh8 36. Qg5 Ne6 37. Qe3 Qe5 38. Nd5 Nxd5 39. Rxd5 Qg3 40. Qxg3 hxg3 41. e5 dxe5 42. Rxd7 Rxd7 43. Rxd7 Bxd7 44. Nd6 Nf4 45. Bd5 Nxd5 46. cxd5 f5 47. gxf5 gxf5 48. Kg2 f4 49. Ne4 Kg7 50. h4 Kg6 51. Kf3 Bh3 52. Ng5 Bf5 53. d6 Kh5 54. Ne4 Kxh4 55. Nf6 Kh3 56. d7 Bxd7 57. Nxd7 g2 58. Nxe5 g1Q 59. Kxf4 Qf2+ 0-1

[Event "GER-ch Net blitz sf"]
[Site "Playchess.com INT"]
[Date "2021.06.05"]
[Round "10"]
[White "Parvanyan, Ashot"]
[Black "Zwahr, Paul"]
[Result "0-1"]
[WhiteElo "2145"]
[BlackElo "2361"]
[PlyCount "100"]
[EventDate "2021.06.05"]
[EventType "swiss (blitz)"]
[EventRounds "13"]
[EventCountry "GER"]
[SourceTitle "EXT 2023"]
[Source "ChessBase"]
[SourceDate "2022.10.05"]
[SourceVersion "1"]
[SourceVersionDate "2022.10.05"]
[SourceQuality "1"]

1. Nf3 Nf6 2. c4 g6 3. Nc3 Bg7 4. e4 d6 5. d4 0-0 6. h3 e5 7. d5 a5 8. g4 Na6 9. Be3 Nd7 10. a3 Nb6 11. Rg1 Bd7 12. Be2 a4 13. Nd2 Nc5 14. Qc2 c6 15. 0-0-0 cxd5 16. exd5 Rc8 17. Kb1 f5 18. Bxc5 Rxc5 19. gxf5 gxf5 20. Rg3 Kh8 21. Rdg1 Bf6 22. f3 Qc8 23. Qd3 Qc7 24. R3g2 Qc8 25. Qe3 Rf7 26. Qh6 Qf8 27. Qh5 Rg7 28. Rxg7 Bxg7 29. Nd1 Be8 30. Qh4 Qf6 31. Qg3 Bg6 32. Ka1 Qf7 33. Nc3 Bh6 34. Qh4 Bxd2 35. Qd8+ Qg8 36. Qxb6 Bxc3 37. bxc3 Qf8 38. Qxb7 e4 39. fxe4 fxe4 40. Rf1 Qe8 41. Qb6 Qe7 42. Qb8+ Kg7 43. Qb3 Qe5 44. Qb2 Rc7 45. Qd2 e3 46. Qd4 Re7 47. Rf3 Kh6 48. Qh4+ Kg7 49. Qd4 Kh6 50. Rf4 Rb7 0-1

[Event "GER-ch Net blitz sf"]
[Site "Playchess.com INT"]
[Date "2021.06.05"]
[Round "6"]
[White "Vogel, Roven"]
[Black "Zwahr, Paul"]
[Result "1-0"]
[WhiteElo "2518"]
[BlackElo "2361"]
[PlyCount "125"]
[EventDate "2021.06.05"]
[EventType "swiss (blitz)"]
[EventRounds "13"]
[EventCountry "GER"]
[SourceTitle "EXT 2023"]
[Source "ChessBase"]
[SourceDate "2022.10.05"]
[SourceVersion "1"]
[SourceVersionDate "2022.10.05"]
[SourceQuality "1"]

1. d4 Nf6 2. c4 g6 3. Nc3 Bg7 4. e4 d6 5. h3 0-0 6. Be3 e5 7. d5 a5 8. g4 Na6 9. Nge2 c6 10. Ng3 cxd5 11. cxd5 Bd7 12. Be2 Nc5 13. a4 Rc8 14. h4 Qb6 15. Nb5 Ne8 16. h5 Nc7 17. b4 axb4 18. a5 Qxb5 19. Bxb5 Nxb5 20. 0-0 Nc3 21. Qf3 Bb5 22. Rfe1 Nd3 23. h6 Bh8 24. Nh5 f6 25. Ng3 b3 26. Bd2 b2 27. Bxc3 bxa1Q 28. Rxa1 Rxc3 29. Qe2 Ba6 30. Qe3 Rb3 31. Kh2 Rc8 32. Nf5 Rc2 33. Qa7 gxf5 34. Qb8+ Kf7 35. Qxh8 Rxf2+ 36. Kg1 Rf4 37. Qxh7+ Ke8 38. Qg8+ Kd7 39. h7 Rxg4+ 40. Qxg4 fxg4 41. h8Q Nf4 42. Qg7+ Ke8 43. Qxg4 Ne2+ 44. Kf2 Nf4 45. Qc8+ Ke7 46. Qc7+ Ke8 47. Qxd6 Nh3+ 48. Ke1 Re3+ 49. Kd2 Rxe4 50. Qe6+ Kd8 51. Qxh3 Rd4+ 52. Kc3 Rc4+ 53. Kb3 Rd4 54. Qh8+ Ke7 55. Qg7+ Kd6 56. Qxf6+ Kxd5 57. Qf3+ Ke6 58. Qh3+ Kd6 59. Qh6+ Kd5 60. Rc1 Rd3+ 61. Kb2 e4 62. Qg5+ Ke6 63. Rh1 1-0

[Event "GER-ch Net blitz sf"]
[Site "Playchess.com INT"]
[Date "2021.06.05"]
[Round "2"]
[White "Zwahr, Paul"]
[Black "Faerber, David"]
[Result "1/2-1/2"]
[WhiteElo "2361"]
[BlackElo "2175"]
[PlyCount "99"]
[EventDate "2021.06.05"]
[EventType "swiss (blitz)"]
[EventRounds "13"]
[EventCountry "GER"]
[SourceTitle "EXT 2023"]
[Source "ChessBase"]
[SourceDate "2022.10.05"]
[SourceVersion "1"]
[SourceVersionDate "2022.10.05"]
[SourceQuality "1"]

1. e4 e6 2. d4 d5 3. Nc3 Bb4 4. e5 c5 5. a3 Bxc3+ 6. bxc3 Ne7 7. Qg4 Qc7 8. Bd3 c4 9. Be2 Qa5 10. Bd2 Nf5 11. Nf3 Qa4 12. Bd1 Nc6 13. h4 Bd7 14. h5 h6 15. Qf4 Rf8 16. 0-0 0-0-0 17. Nh4 Nce7 18. Nxf5 exf5 19. Qh4 Rde8 20. Ra2 Kb8 21. Qg3 Be6 22. Qxg7 Rh8 23. Bxh6 Reg8 24. Qf6 Qd7 25. Bf4 Qe8 26. Bf3 Qf8 27. Rb1 Rg7 28. Rab2 b6 29. a4 Rhg8 30. a5 Nc8 31. axb6 axb6 32. Bh6 Kb7 33. Bxg7 Rxg7 34. Qh4 Qh8 35. Qf6 Qg8 36. Kf1 Rg5 37. h6 Rg6 38. Qh4 Qh7 39. Ke2 Rxh6 40. Qd8 f4 41. Rxb6+ Ka7 42. Rb7+ Ka6 43. R1b6+ Ka5 44. Rxe6+ Ka4 45. Ra6+ Rxa6 46. Qf8 Qxc2+ 47. Ke1 Qxc3+ 48. Ke2 Qd3+ 49. Ke1 Qc3+ 50. Ke2 1/2-1/2

[Event "GER-ch Net blitz sf"]
[Site "Playchess.com INT"]
[Date "2021.06.05"]
[Round "3"]
[White "Zwahr, Paul"]
[Black "Schulze, Marc Andre"]
[Result "1-0"]
[WhiteElo "2361"]
[BlackElo "2123"]
[PlyCount "59"]
[EventDate "2021.06.05"]
[EventType "swiss (blitz)"]
[EventRounds "13"]
[EventCountry "GER"]
[SourceTitle "EXT 2023"]
[Source "ChessBase"]
[SourceDate "2022.10.05"]
[SourceVersion "1"]
[SourceVersionDate "2022.10.05"]
[SourceQuality "1"]

1. e4 c5 2. Nf3 d6 3. d4 cxd4 4. Nxd4 Nf6 5. Nc3 Bd7 6. f3 Nc6 7. Be3 a6 8. Qd2 h5 9. 0-0-0 e6 10. g3 Be7 11. Kb1 Nxd4 12. Bxd4 Qa5 13. Bd3 Rc8 14. h3 e5 15. Be3 Be6 16. a3 b5 17. g4 b4 18. Ne2 d5 19. g5 d4 20. Bxd4 exd4 21. gxf6 gxf6 22. Nxd4 Qb6 23. a4 Bd7 24. Nf5 Bxf5 25. exf5 Kf8 26. b3 Bc5 27. Bc4 Kg7 28. Qg2+ Kf8 29. Rd7 Rc7 30. Rd8+ 1-0

[Event "GER-ch Net blitz sf"]
[Site "Playchess.com INT"]
[Date "2021.06.05"]
[Round "5"]
[White "Zwahr, Paul"]
[Black "Svane, Frederik"]
[Result "0-1"]
[WhiteElo "2361"]
[BlackElo "2298"]
[PlyCount "160"]
[EventDate "2021.06.05"]
[EventType "swiss (blitz)"]
[EventRounds "13"]
[EventCountry "GER"]
[SourceTitle "EXT 2023"]
[Source "ChessBase"]
[SourceDate "2022.10.05"]
[SourceVersion "1"]
[SourceVersionDate "2022.10.05"]
[SourceQuality "1"]

1. e4 c5 2. Nf3 g6 3. d4 cxd4 4. Nxd4 Nc6 5. Nc3 Bg7 6. Be3 Nf6 7. Bc4 0-0 8. Bb3 Re8 9. h4 d5 10. exd5 Na5 11. Nde2 b5 12. h5 b4 13. Na4 Nxb3 14. axb3 Qxd5 15. Qxd5 Nxd5 16. hxg6 hxg6 17. Bd4 e5 18. Bc5 Bf5 19. 0-0-0 Be6 20. Kb1 Rec8 21. f3 Rc6 22. Nc1 Rac8 23. Nd3 Bf5 24. Rc1 Bf6 25. Ka2 Bxd3 26. cxd3 Be7 27. d4 exd4 28. Bxd4 Bf6 29. Rxc6 Rxc6 30. Bxf6 Nxf6 31. Kb1 Re6 32. Rc1 Nd5 33. Rc5 Nf4 34. g3 Nd3 35. Ra5 Ne1 36. f4 Re3 37. Rxa7 Rxb3 38. g4 Rf3 39. Ra8+ Kg7 40. f5 gxf5 41. gxf5 b3 42. Rb8 Ng2 43. Kc1 Nf4 44. Nc3 Nd3+ 45. Kd2 Nxb2 46. Rxb3 Nc4+ 47. Ke2 Rxf5 48. Ne4 Ne5 49. Rg3+ Ng6 50. Nd6 Rd5 51. Nxf7 Kxf7 52. Ke3 Kf6 53. Ke4 Re5+ 54. Kd4 Nf4 55. Rf3 Kf5 56. Rf1 Rd5+ 57. Kc4 Rd8 58. Kc5 Rd2 59. Kc4 Ke4 60. Kc3 Rd3+ 61. Kc4 Nd5 62. Rf8 Rc3+ 63. Kb5 Kd4 64. Rh8 Rc5+ 65. Ka6 Rc6+ 66. Kb7 Rb6+ 67. Ka7 Rb2 68. Rc8 Rb3 69. Rc1 Nc3 70. Rh1 Kc5 71. Rh5+ Nd5 72. Ka6 Rb1 73. Ka7 Rf1 74. Ka6 Rf7 75. Rh1 Rf3 76. Rc1+ Kd6 77. Kb7 Rb3+ 78. Ka6 Nb4+ 79. Kb5 Na2+ 80. Kc4 Nxc1 0-1

[Event "Wroclaw op"]
[Site "Wroclaw"]
[Date "2020.08.07"]
[Round "8"]
[White "Jankowiak, Tomasz"]
[Black "Zwahr, Paul"]
[Result "1-0"]
[WhiteElo "2115"]
[BlackElo "2277"]
[PlyCount "79"]
[EventDate "2020.08.01"]
[EventType "swiss"]
[EventRounds "9"]
[EventCountry "POL"]
[SourceTitle "CBM 197 Extra"]
[Source "ChessBase"]
[SourceDate "2020.09.30"]
[SourceVersion "1"]
[SourceVersionDate "2020.09.30"]
[SourceQuality "1"]

1. e4 c5 2. Nf3 d6 3. Bb5+ Nc6 4. 0-0 Bd7 5. Re1 Nf6 6. c3 a6 7. Bc4 Bg4 8. d4 Bxf3 9. gxf3 e6 10. Be3 cxd4 11. cxd4 d5 12. Bd3 Be7 13. Nc3 0-0 14. Rc1 g6 15. Bb1 Rc8 16. Na4 Nd7 17. exd5 exd5 18. Qb3 Bb4 19. Red1 b5 20. Qxd5 Ne7 21. Qb3 Rxc1 22. Rxc1 Bd6 23. Nc5 Nb6 24. Bh6 Ned5 25. Ne4 Qh4 26. Bxf8 Qxh2+ 27. Kf1 Bxf8 28. Ke2 Bh6 29. Re1 Nc4 30. a4 Qb8 31. axb5 axb5 32. Bd3 Nf4+ 33. Kf1 Qc8 34. Kg1 Nh3+ 35. Kh1 Nf4 36. Nf6+ Kg7 37. Ng4 Qc6 38. Bxc4 bxc4 39. d5 Qc5 40. Qc3+ 1-0

[Event "Wroclaw op"]
[Site "Wroclaw"]
[Date "2020.08.04"]
[Round "5"]
[White "Zwahr, Paul"]
[Black "Chmiel, Marcin"]
[Result "1-0"]
[WhiteElo "2277"]
[BlackElo "2267"]
[PlyCount "103"]
[EventDate "2020.08.01"]
[EventType "swiss"]
[EventRounds "9"]
[EventCountry "POL"]
[SourceTitle "CBM 197 Extra"]
[Source "ChessBase"]
[SourceDate "2020.09.30"]
[SourceVersion "1"]
[SourceVersionDate "2020.09.30"]
[SourceQuality "1"]

1. e4 c6 2. d4 d5 3. Nd2 dxe4 4. Nxe4 Bf5 5. Ng3 Bg6 6. h4 h6 7. Nf3 Nd7 8. h5 Bh7 9. Bd3 Bxd3 10. Qxd3 e6 11. Bd2 Ngf6 12. 0-0-0 Be7 13. Kb1 0-0 14. Ne4 c5 15. g4 Nxg4 16. Qe2 Qb6 17. Ne5 Ndxe5 18. dxe5 f5 19. exf6 Nxf6 20. Rdg1 Nxe4 21. Qxe4 Bf6 22. b3 Qc6 23. Qxc6 bxc6 24. Bxh6 Kh7 25. Be3 Bd4 26. Rg6 Rf6 27. Rhg1 Rxg6 28. hxg6+ Kg8 29. Bxd4 cxd4 30. Re1 Re8 31. Re4 c5 32. Re5 Rf8 33. Rxc5 Rxf2 34. a4 Rf6 35. Rc8+ Rf8 36. Rc7 Rf6 37. Rxa7 Rxg6 38. a5 Rg5 39. a6 Ra5 40. Kb2 g5 41. b4 Ra4 42. Kb3 Ra1 43. b5 g4 44. Re7 g3 45. Rxe6 Kf7 46. Re2 Kf6 47. Rg2 Ke5 48. Rxg3 Kd5 49. Rg5+ Kd6 50. Kb4 Ra2 51. Rg2 Kd5 52. c4+ 1-0

[Event "Wroclaw op"]
[Site "Wroclaw"]
[Date "2020.08.02"]
[Round "2"]
[White "Peglau, Dora"]
[Black "Zwahr, Paul"]
[Result "0-1"]
[WhiteElo "1721"]
[BlackElo "2277"]
[PlyCount "54"]
[EventDate "2020.08.01"]
[EventType "swiss"]
[EventRounds "9"]
[EventCountry "POL"]
[SourceTitle "CBM 197 Extra"]
[Source "ChessBase"]
[SourceDate "2020.09.30"]
[SourceVersion "1"]
[SourceVersionDate "2020.09.30"]
[SourceQuality "1"]

1. d4 Nf6 2. c4 g6 3. f3 Bg7 4. e4 d6 5. Nc3 0-0 6. Be3 c5 7. Nge2 Nc6 8. Qd2 Qa5 9. Rd1 a6 10. a3 Bd7 11. Nd5 Nxd5 12. cxd5 Qxd2+ 13. Rxd2 Nxd4 14. Nxd4 cxd4 15. Bxd4 Rfc8 16. Bxg7 Kxg7 17. Bd3 Rc5 18. Rc2 Rxc2 19. Bxc2 Rc8 20. Kd2 f5 21. Rc1 Kf6 22. Re1 f4 23. b4 Ke5 24. Bb3 Kd4 25. Rd1 Bb5 26. a4 Bd3 27. g3 Rc3 0-1

[Event "Wroclaw op"]
[Site "Wroclaw"]
[Date "2020.08.02"]
[Round "3"]
[White "Zwahr, Paul"]
[Black "Cukrowski, Filip"]
[Result "1/2-1/2"]
[WhiteElo "2277"]
[BlackElo "2419"]
[PlyCount "42"]
[EventDate "2020.08.01"]
[EventType "swiss"]
[EventRounds "9"]
[EventCountry "POL"]
[SourceTitle "CBM 197 Extra"]
[Source "ChessBase"]
[SourceDate "2020.09.30"]
[SourceVersion "1"]
[SourceVersionDate "2020.09.30"]
[SourceQuality "1"]

1. e4 c5 2. Nf3 d6 3. d4 cxd4 4. Nxd4 Nf6 5. Nc3 a6 6. Be3 e5 7. Nb3 Be7 8. f3 0-0 9. Qd2 Be6 10. 0-0-0 a5 11. a4 Na6 12. g4 Nb4 13. Kb1 Qc8 14. g5 Nh5 15. Rg1 f5 16. gxf6 Nxf6 17. Qg2 Rf7 18. Bg5 Ng4 19. Bc1 Nf6 20. Bg5 Ng4 21. Bc1 Nf6 1/2-1/2

[Event "GER-ch Net Amateur Gr-A Final"]
[Site "Playchess.com INT"]
[Date "2020.04.18"]
[Round "6"]
[White "Colbow, Collin"]
[Black "Zwahr, Paul"]
[Result "1-0"]
[WhiteElo "2033"]
[BlackElo "2160"]
[PlyCount "241"]
[EventDate "2020.04.18"]
[EventType "swiss (blitz)"]
[EventRounds "13"]
[EventCountry "GER"]
[SourceTitle "CBM 195 Extra"]
[Source "ChessBase"]
[SourceDate "2020.05.31"]
[SourceVersion "1"]
[SourceVersionDate "2020.05.31"]
[SourceQuality "1"]

1. e4 e5 2. Nf3 Nc6 3. Bc4 Bc5 4. d4 exd4 5. Ng5 d5 6. Bxd5 Ne5 7. Nxf7 Bb4+ 8. c3 dxc3 9. bxc3 Nxf7 10. Bxf7+ Ke7 11. Qxd8+ Kxd8 12. cxb4 Nf6 13. Bg5 Ke7 14. Bxf6+ Kxf7 15. Bd4 Re8 16. Nc3 a5 17. b5 a4 18. f3 Be6 19. Kf2 a3 20. Rac1 Red8 21. Rhd1 Rd7 22. Nd5 Bxd5 23. exd5 Ra5 24. b6 cxb6 25. Bxb6 Rb5 26. Rb1 Rdxd5 27. Rxd5 Rxb1 28. Bd4 b5 29. Kg3 b4 30. Rb5 g6 31. Bc5 b3 32. Rxb3 Rb2 33. Rxa3 h5 34. Ra6 g5 35. Rf6+ Kg7 36. Bd4 Rd2 37. Rd6+ Kh7 38. a4 h4+ 39. Kh3 Ra2 40. Ra6 Kg8 41. a5 Kf7 42. Bf6 Kg6 43. Kg4 Rxg2+ 44. Kh3 Ra2 45. Be7+ Kf5 46. Rf6+ Ke5 47. a6 Ra4 48. Rg6 Kf4 49. Rxg5 Rxa6 50. Rg4+ Kxf3 51. Rxh4 Re6 52. Rh7 Rg6 53. Kh4 Rg2 54. h3 Kf4 55. Kh5 Kf5 56. h4 Rg8 57. Bg5 Rf8 58. Kh6 Rg8 59. Rf7+ Kg4 60. Kh7 Ra8 61. Bf6 Kh5 62. Be7 Ra7 63. Rf5+ Kg4 64. Rf7 Kh5 65. Kg7 Rb7 66. Bg5 Rb6 67. Rf6 Rb7+ 68. Kf8 Rh7 69. Rf7 Rh8+ 70. Ke7 Ra8 71. Rh7+ Kg6 72. Rh6+ Kg7 73. h5 Ra7+ 74. Ke8 Ra8+ 75. Kd7 Ra7+ 76. Kc8 Ra8+ 77. Kb7 Ra5 78. Rg6+ Kh7 79. Kb6 Re5 80. Kc6 Ra5 81. Kd7 Ra7+ 82. Ke8 Ra8+ 83. Kf7 Ra7+ 84. Be7 Ra5 85. Rg5 Ra7 86. Rg6 Ra5 87. Bg5 Ra7+ 88. Kf6 Ra6+ 89. Kf5 Ra5+ 90. Kg4 Ra4+ 91. Bf4 Ra5 92. Rb6 Ra7 93. Kf5 Rf7+ 94. Kg5 Rg7+ 95. Rg6 Re7 96. h6 Rb7 97. Rf6 Rb5+ 98. Rf5 Rb7 99. Kh5 Ra7 100. Rg5 Ra6 101. Rg7+ Kh8 102. Rb7 Re6 103. Bg5 Kg8 104. Rg7+ Kh8 105. Re7 Rd6 106. Rf7 Re6 107. Rf6 Re8 108. Rg6 Re5 109. Rg7 Re6 110. Rf7 Kg8 111. h7+ Kxf7 112. h8Q Rg6 113. Qh7+ Rg7 114. Qf5+ Kg8 115. Qe6+ Kh7 116. Bh6 Ra7 117. Qf5+ Kg8 118. Qd5+ Rf7 119. Kg6 Kh8 120. Kxf7 Kh7 121. Qf5+ 1-0

[Event "GER-ch Net Amateur Gr-A Vor3"]
[Site "Playchess.com INT"]
[Date "2020.04.16"]
[Round "5"]
[White "Wend, Uwe"]
[Black "Zwahr, Paul"]
[Result "1/2-1/2"]
[WhiteElo "2016"]
[BlackElo "2182"]
[PlyCount "41"]
[EventDate "2020.04.16"]
[EventType "swiss (blitz)"]
[EventRounds "9"]
[EventCountry "GER"]
[SourceTitle "CBM 195 Extra"]
[Source "ChessBase"]
[SourceDate "2020.05.31"]
[SourceVersion "1"]
[SourceVersionDate "2020.05.31"]
[SourceQuality "1"]

1. e4 e5 2. Bc4 Nc6 3. Nf3 Bc5 4. 0-0 Nf6 5. d3 0-0 6. h3 d5 7. exd5 Nxd5 8. Nc3 Nxc3 9. bxc3 Kh8 10. Bb2 Qf6 11. d4 Bd6 12. Bd5 Be6 13. Be4 Bf5 14. Re1 Rfe8 15. d5 Ne7 16. c4 Bxe4 17. Rxe4 Qg6 18. Rg4 Qf6 19. Qe2 Ng6 20. Re1 b6 21. Nd2 1/2-1/2